000 02591nam0a2200409 4500
001 RU\NLR\BIBL_A\022587067
005 20251001104755.0
010 _a978-5-00261-197-3
_9500
021 _aRU
_bКН-П-25-030413
_9КН-П-25-3003
035 _a(NLR Aleph) 022587067
090 _a13678473
_c13678473
100 _a20250717d2025 k y0rusy50 ca
101 0 _arus
102 _aRU
105 _aa z 000yy
181 0 _ai3
_baxxe
182 0 _an
200 1 _aГосударственные закупки в России: история, трансформация, дискуссии
_eколлективная монография
_fЕ. Я. Анисимов, Е. А. Галий, Ю. В. Гнездова [и др.]
_gпод ред. Тимофеевой И. Ю.
_gФедеральное гос ударственное бюджетное образовательное учреждение высшего образования "Российская академия народного хозяйства при Президенте Российской Федерации"
203 _aТекст
_bвизуальный
_cнепосредственный
210 _aМосква
_c[б. и.]
_aКурск
_cУниверситетская книга
_d2025
215 _a146 с.
_cил.
_d21
300 _aАвт. указаны на обороте тит. с. в макете и в вып. дан.
300 _aНа с. 4 авт.: Анисимов Е. Я., преподаватель, Галий Е. А., к. э. н., доц., Гнездова Ю. В., д. э. н., проф. [и др.]
320 _aБиблиогр.: с. 140-146 (78 назв.) и в подстроч. примеч.
606 1 _aГосударственные закупки
_yРоссийская Федерация
_2nlr_sh1
_2nlr_sh2
_3RU\NLR\AUTH\661335921
686 1 _aУ41(2)-381(2Р)
686 1 _aХ621.140.4
701 1 _aАнисимов
_bЕ. Я.
_gЕвгений Яковлевич
701 1 _aГалий
_bЕ. А.
_gЕлена Анатольевна
701 1 _aГнездова
_bЮ. В.
_f1976-
_gЮлия Владимировна
_3RU\NLR\AUTH\770150198
702 1 _aТимофеева
_bИ. Ю.
_cд-р экон. наук
_gИнна Юрьевна
_3RU\NLR\AUTH\770154816
_4340
712 0 2 _aРоссийская академия народного хозяйства и государственной службы
_3RU\NLR\AUTH\8810174408
_4475
942 _cBOOK
980 _aNB